[Event "Chigorin Memorial 23rd"]
[Site "St Petersburg"]
[Date "2015.10.11"]
[Round "9"]
[White "Toporkova, Sofia"]
[Black "Fokin, Alexander"]
[Result "1-0"]
[WhiteElo "1950"]
[BlackElo "1817"]
[PlyCount "91"]
[EventDate "2015.10.03"]
[EventType "swiss"]
[EventRounds "9"]
[EventCountry "RUS"]
[SourceTitle "CBM 168 Extra"]
[Source "ChessBase"]
[SourceDate "2015.10.29"]
[SourceVersion "1"]
[SourceVersionDate "2015.10.29"]
[SourceQuality "1"]

1. c4 e5 2. g3 c6 3. d4 d6 4. Nc3 Nf6 5. Bg2 Be7 6. e4 Nbd7 7. Nge2 0-0 8. 0-0 Qc7 9. f4 a5 10. h3 Re8 11. g4 exd4 12. Nxd4 Nc5 13. g5 Nfd7 14. h4 Nb6 15. b3 a4 16. Bd2 axb3 17. axb3 Rxa1 18. Qxa1 Bg4 19. f5 Ra8 20. Qe1 Nbd7 21. Qg3 Ne5 22. Nd1 Ra2 23. Bf4 Ncd3 24. Be3 Bf8 25. Nf3 d5 26. Nxe5 Nxe5 27. Bf4 Bxd1 28. Rxd1 Bd6 29. exd5 cxd5 30. Rxd5 Ra1+ 31. Bf1 Nf3+ 32. Qxf3 Bxf4 33. Qxf4 Rxf1+ 34. Qxf1 Qg3+ 35. Kh1 Qxh4+ 36. Kg2 Qxg5+ 37. Kf2 Qf4+ 38. Ke2 Qe4+ 39. Kd2 h5 40. Qd3 Qg2+ 41. Kc3 h4 42. Rd8+ Kh7 43. f6+ g6 44. Qe3 h3 45. Rh8+ Kxh8 46. Qh6+ 1-0

[Event "Vladivostok Russian Cup"]
[Site "Vladivostok"]
[Date "2012.09.24"]
[Round "8"]
[White "Fokin, Alexander"]
[Black "Muratov, Sergey"]
[Result "1-0"]
[WhiteElo "2109"]
[BlackElo "2250"]
[PlyCount "79"]
[EventDate "2012.09.17"]
[EventType "swiss"]
[EventRounds "9"]
[EventCountry "RUS"]
[SourceTitle "CBM 150 Extra"]
[Source "ChessBase"]
[SourceDate "2012.10.19"]
[SourceVersion "1"]
[SourceVersionDate "2012.10.19"]
[SourceQuality "1"]

1. e4 c6 2. d4 d5 3. Nd2 dxe4 4. Nxe4 Nf6 5. Ng3 Bg4 6. f3 Bh5 7. Nxh5 Nxh5 8. Be3 e6 9. Qd2 Nd7 10. 0-0-0 Bd6 11. Ne2 Qc7 12. c4 Nhf6 13. Nc3 0-0 14. Kb1 Rfe8 15. g4 a6 16. h4 b5 17. c5 Bf8 18. g5 Nd5 19. Nxd5 exd5 20. Bd3 g6 21. h5 Bg7 22. f4 Nf8 23. f5 gxf5 24. Bxf5 Ra7 25. Bf4 Qd8 26. Bd6 Ne6 27. g6 fxg6 28. hxg6 Nxd4 29. gxh7+ Kh8 30. Bd3 Nf3 31. Qg2 Ne5 32. Bf5 Nc4 33. Qg6 Re2 34. Rde1 Nd2+ 35. Kc1 Rxe1+ 36. Rxe1 Ne4 37. Bxe4 dxe4 38. Rxe4 Ra8 39. Re7 Qf8 40. Rf7 1-0

[Event "Vladivostok Russian Cup"]
[Site "Vladivostok"]
[Date "2012.09.17"]
[Round "1"]
[White "Fokin, Alexander"]
[Black "Belous, Vladimir"]
[Result "0-1"]
[WhiteElo "2109"]
[BlackElo "2551"]
[PlyCount "52"]
[EventDate "2012.09.17"]
[EventType "swiss"]
[EventRounds "9"]
[EventCountry "RUS"]
[SourceTitle "CBM 150 Extra"]
[Source "ChessBase"]
[SourceDate "2012.10.19"]
[SourceVersion "1"]
[SourceVersionDate "2012.10.19"]
[SourceQuality "1"]

1. e4 c5 2. Nf3 Nc6 3. Nc3 g6 4. d4 cxd4 5. Nxd4 Bg7 6. Be3 Nf6 7. Be2 0-0 8. Qd2 d6 9. f3 d5 10. Nxc6 bxc6 11. e5 Nd7 12. f4 Rb8 13. Rb1 f6 14. exf6 Bxf6 15. 0-0 Qc7 16. Kh1 a5 17. f5 Rb4 18. Bg5 Ne5 19. fxg6 Nxg6 20. a3 Bxg5 21. Rxf8+ Kxf8 22. Qxg5 Rf4 23. Bd3 Kg7 24. Re1 Rg4 25. Qd2 Rh4 26. h3 Bxh3 0-1